ANNUAL REVIEW OF PHYTOPATHOLOGY (Record no. 3473)

MARC details
000 -LEADER
fixed length control field 00427nam a2200145Ia 4500
022 ## - INTERNATIONAL STANDARD SERIAL NUMBER
ISSN 0066-4286
245 #0 - TITLE STATEMENT
Title ANNUAL REVIEW OF PHYTOPATHOLOGY
260 ## - PUBLICATION, DISTRIBUTION, ETC. (IMPRINT)
Name of publisher Annual Reviews Inc., Palo Alto, California
Place of publication USA
310 ## - CURRENT PUBLICATION FREQUENCY
Current publication frequency A
500 ## - GENERAL NOTE
General note Ending Volume & Year: 33, 1995
500 ## - GENERAL NOTE
General note Missing Volume: 3;6;15;17;18;24;30
500 ## - GENERAL NOTE
General note Starting Volume & Year: 2, 1964
942 ## - ADDED ENTRY ELEMENTS (KOHA)
Koha item type Bound Journal
Holdings
Withdrawn status Lost status Damaged status Not for loan Home library Current library Date acquired Accession Number Koha item type
      Bound journals RRII Library RRII Library 31/12/2021 J03438 Bound Journal